00585 2200193 4500001002100000005001500021035002000036245014100056100001900197250000600216300003300222700001800255260004700273082001200320084001800332020000600350650001800356990001700374INLIS00000000000133120190910051609 a0010-09190000351 aKisah Bergambar 25 Nabi & rosul :bKisah-Kisah Teladan dan Menakjubkan bersumber dari Al-Qur'an /cMaulana Gibran; Editor, Abdul Wachied0 aMaulana Gibran a- a128 hlm. :bIlus. ;c24 hlm.0 aAbdul Wachied aSurabaya :bKarya Gemilang utama,c[ s.a ] a297.246 a297.246 MAU k a- aKisah 25 Nabi a04671/H/2018